Sugaring /

Nora wants to find a way to give the horses a special treat for helping her grandfather and her gather sap to make maple syrup.

Bibliographic Details
Main Author: Haas, Jessie
Other Authors: Smith, Joseph A. (Joseph Anthony), 1936- (Illustrator)
Format: Book
Language:English
Published: New York : Greenwillow Books, [1996]
Edition:1st ed.
Subjects:

MARC

Tag First Indicator Second Indicator Subfields
LEADER 00000pam a2200000 a 4500
001 in00001408040
005 20151020070151.0
008 950807s1996 nyua j 000 1 eng
010 |a  95038139  
020 |a 0688142001 (trade) 
020 |a 068814201X (lib. bdg.) 
035 |a (OCoLC)33009536 
035 |9 AHP8421AM 
040 |a DLC  |c DLC  |d UtOrBLW 
049 |a TXAG 
050 0 0 |a PZ7.H1129  |b Su 1996 
100 1 |a Haas, Jessie. 
245 1 0 |a Sugaring /  |c by Jessie Haas ; pictures by Jos. A. Smith. 
250 |a 1st ed. 
264 1 |a New York :  |b Greenwillow Books,  |c [1996] 
264 4 |c ©1996 
300 |a 1 volume (unpaged) :  |b color illustrations ;  |c 21 x 26 cm. 
336 |a text  |b txt  |2 rdacontent 
337 |a unmediated  |b n  |2 rdamedia 
338 |a volume  |b nc  |2 rdacarrier 
520 |a Nora wants to find a way to give the horses a special treat for helping her grandfather and her gather sap to make maple syrup. 
650 1 |a Maple syrup  |x Fiction. 
650 1 |a Grandfathers  |x Fiction. 
650 1 |a Horses  |x Fiction. 
700 1 |a Smith, Joseph A.  |q (Joseph Anthony),  |d 1936-  |e illustrator. 
999 |a MARS 
999 f f |s fe63d6e2-2234-3361-b3d3-097417970225  |i 7d27dfef-185f-3af3-aabd-405353ab57bd  |t 0 
952 f f |p normal  |a Texas A&M University  |b College Station  |c Sterling C. Evans Library  |d Evans: Curriculum Collection (4th floor)  |t 0  |e PZ7.H1129 Su 1996  |h Library of Congress classification  |i unmediated -- volume  |m A14822246116 
998 f f |a PZ7.H1129 Su 1996  |t 0  |l Evans: Curriculum Collection (4th floor)